000
00245nam a2200097Ia 4500
001
645954
005
20250826153633.0
008
250824s9999 xx 000 0 und d
245
0
_a
KIRIMLI MURAT DESTANI
_c
HASAN NAİL CANAT
260
_b
GENÇ TİMAŞ
999
_c
645954
_d
645954